000 00372 a2200157 4500
001 151937
040 _cEscola São Tomás de Aquino
100 _aORTHOF, Sylvia
240 1 0 _aSe a memória não me falha
_lpor
245 1 0 _aSe a memória não me falha
300 _a140
362 0 _a1987
440 1 _aNova Fronteira
697 _a*LITERATURA JUVENIL
942 _cBK
999 _c151937
_d151937